Besançon de A à Z - Statistiques

Statistiques générales
  • Ce quiz a été pris 128 fois
  • Le résultat moyen est 12 sur 26
Statistiques - réponses
Lettre Indice Réponse % Correct
D Rivière serpentant à Besançon Doubs
94%
H Industrie dont Besançon est la capitale française Horlogerie
81%
V Nom de la gare de centre-ville Viotte
77%
N Arc de triomphe érigé sous Marc-Aurèle Porte {Noire}
72%
K Salle de spectacle datant de l'époque thermale de Besançon Kursaal
70%
C Forêt du nord de la ville, la pierre de ses carrières a servi à construire le centre Chailluz
63%
M Parc des expositions et salle de spectacle, la plus grande de Franche-Comté Micropolis
63%
A Animal figurant sur le drapeau de la ville Aigle
62%
P Colline et quartier de grands ensembles Planoise
61%
R Salle de concert reprenant le nom d'une usine textile Rhodia
61%
L Marque d'horlogerie célèbre pour sa grande grève des années 70 Lip
59%
V Nom de la ville pendant l'antiquité Vesontio
58%
O Commune de l'agglomération dans laquelle se trouve une base nautique et une grotte Osselle
55%
J Prénom du saint à qui la cathédrale est dédiée et du maire de 1953 à 1977 Jean
53%
B Ancien quartier des vignerons Battant
51%
E Équipe de handball féminin, le club bisontin avec le plus de succès sportif ESBF
49%
T Technopole spécialisée dans la microtechnique Temis
46%
G Grande famille bisontine donnant son nom à un palais du centre Granvelle
44%
N Auteur romantique bisontin, membre de l'académie française Charles {Nodier}
27%
Y Lutteur gréco-romain bisontin, médaillé d'argent aux JO en 1996 Ghani {Yalouz}
23%
F Un des saints patrons de la ville Saint Ferréol | Saint Ferjeux
15%
U Devise municipale Utinam
15%
S Peuple gaulois dont Besançon était la capitale Séquanes
14%
W Président sénégalais ayant fait ses études à Besançon Abdoulaye {Wade}
5%
S Invention du bisontin Hilaire de Chardonnet Soie artificielle
5%
Z Villa du début du XXème siècle, classée monument historique Villa {Zeltner}
0%
Aucun quiz correspondant
Distribution des résultats
% des personnes avec chaque résultat
Percentile par nombre de réponses
Votre historique - résultats
Vous n’avez pas pris ce quiz